| 000 -LEADER |
| fixed length control field |
01187pab a2200205 454500 |
| 008 - FIXED-LENGTH DATA ELEMENTS--GENERAL INFORMATION |
| fixed length control field |
180718b1999 xxu||||| |||| 00| 0 eng d |
| 100 ## - MAIN ENTRY--PERSONAL NAME |
| Personal name |
Bartle, John R. |
| 245 ## - TITLE STATEMENT |
| Title |
Local government fiscal reform: principles and options for the future |
| 260 ## - PUBLICATION, DISTRIBUTION, ETC. |
| Date of publication, distribution, etc. |
1999 |
| 300 ## - PHYSICAL DESCRIPTION |
| Extent |
p.1631-657 |
| 362 ## - DATES OF PUBLICATION AND/OR SEQUENTIAL DESIGNATION |
| Dates of publication and/or sequential designation |
Nov-Dec |
| 520 ## - SUMMARY, ETC. |
| Summary, etc. |
U.S. local governments in the 1980s were under increasing fiscal stress. The fiscal outlook is not particularly bright because of projected rapid growth of certain expenditures and the slow growth of most local revenue sources. Potentially major changes in fiscal responsibilities at the federal and state levels may call for local government fiscal reform in the future. This article uses a case study of Broome County, New York, to illustrate the difficulties local governments face and then suggests a series of revenue reforms that can enhance equity, efficiency, revenue productivity, and administrative simplicity. - Reproduced |
| 650 ## - SUBJECT ADDED ENTRY--TOPICAL TERM |
| Topical term or geographic name entry element |
Revenue |
| 650 ## - SUBJECT ADDED ENTRY--TOPICAL TERM |
| Topical term or geographic name entry element |
Local finance |
| 650 ## - SUBJECT ADDED ENTRY--TOPICAL TERM |
| Topical term or geographic name entry element |
Local government |
| 650 ## - SUBJECT ADDED ENTRY--TOPICAL TERM |
| Topical term or geographic name entry element |
Public finance |
| 700 ## - ADDED ENTRY--PERSONAL NAME |
| Personal name |
Greenberg, Ronald L. |
| 773 ## - HOST ITEM ENTRY |
| Main entry heading |
International Journal of Public Administration |
| 909 ## - |
| -- |
42700 |